000 00890nam0a22002651 4500
001 rc\3062104
005 20250806202630.0
035 _a(NLR Aleph) 007200726
090 _a54149
_c54149
100 _a20111013d1945 u y0rusy50 ca
101 0 _arus
102 _aRU
105 _aa z |||||
200 1 _aЛыжная подготовка
_eУчеб. пособие
_fмайор Н. Харламов
210 _a[Москва]
_cФизкультура и спорт
_d1945
_gОбразцовая тип.
215 _a56 с.
_cил., черт.
_d15х23 см
300 _aБез тит. л.
700 1 _aХарламов
_bН.И.
_gНиколай Иванович
801 0 _aRU
_bNLR
_gpsbo
801 1 _aRU
_bELAR
_2rusmarc
852 _aNLR
_jФк02 Г-2/223
942 _cBOOK
945 _aРоссийская национальная библиотека
980 _aNB
980 _aBV